000 00488 a2200181 4500
005 20260110101835.0
008 260106b |||||||| |||| 00| 0 eng d
020 _a9788175248533
_cRs. 1000.00
040 _aMAIN
082 _a796.07287
_bP141M
100 _aPagare, Sachin
245 _aMeasurement and evaluation in physical education
260 _bKhel Sahitya Kendra
_c2025
_aNew Delhi
300 _a218
650 _aPhysical Education
650 _aMeasurement
942 _cBK
999 _c393699
_d393699